Word Ladder: Les Misérables Actress Quiz Stats

 Plays Quiz Updated Jan 9, 2015

Challenge
Share
Tweet
Embed
Score 0/18 Timer 01:30
1 Play Today
Hint 4-Letter Word % Correct
Strong dislike ofHATE
92.5%
____ in Your Pants!ANTS
87.4%
Queen of England (1702-14)ANNE
86%
Stake put up by a poker playerANTE
85.4%
Meat paste (de foie gras)PÂTE
83.4%
Great Brazilian soccer playerPELE
83.2%
Something that may be sat onSEAT
82.4%
Original Beatles drummer ____ BestPETE
82.3%
Animal skin ready for tanningPELT
76.6%
Hint 4-Letter Word % Correct
Archaic form of 'have'HATH
73.9%
Hit or crush (flying insect)SWAT
72.9%
Trodden track or wayPATH
72.4%
Homonym of original Beatles drummerPEAT
70.2%
Rock backwards and forwardsSWAY
66.9%
Absent from a placeAWAY
64.9%
White tissue lining in orange rindPITH
58.3%
Small river islandsAITS
39.1%
Slang word expressing displeasurePITS
36.6%

Today's Daily Dose

Missing Word
Entertainment 'M'

Word Ladder
North Carolina

On This Day
January 16th II

You're not logged in!

Compare scores with friends on all Sporcle quizzes.
OR
Log In

You Might Also Like...

Show Comments

Extras

Top Quizzes Today


Score Distribution

Your Account Isn't Verified!

In order to create a playlist on Sporcle, you need to verify the email address you used during registration. Go to your Sporcle Settings to finish the process.

Report this User

Report this user for behavior that violates our Community Guidelines.

Details: